Blood and Soil (Record no. 23696)
[ view plain ]
| 000 -LEADER | |
|---|---|
| fixed length control field | 00434nam a22001577a 4500 |
| 003 - CONTROL NUMBER IDENTIFIER | |
| control field | OSt |
| 005 - DATE AND TIME OF LATEST TRANSACTION | |
| control field | 20260416074917.0 |
| 008 - FIXED-LENGTH DATA ELEMENTS--GENERAL INFORMATION | |
| fixed length control field | 260416b |||||||| |||| 00| 0 eng d |
| 020 ## - INTERNATIONAL STANDARD BOOK NUMBER | |
| International Standard Book Number | 0-9760853-0-5 |
| 040 ## - CATALOGING SOURCE | |
| Transcribing agency | IPSTC |
| 050 ## - LIBRARY OF CONGRESS CALL NUMBER | |
| Classification number | HD1538 |
| Item number | .S65 2000 |
| 110 ## - MAIN ENTRY--CORPORATE NAME | |
| Corporate name or jurisdiction name as entry element | International Crisis Group |
| 245 ## - TITLE STATEMENT | |
| Title | Blood and Soil |
| Remainder of title | Land,Politics and Conflict Prevention in Zimbabwe and South Africa |
| 260 ## - PUBLICATION, DISTRIBUTION, ETC. | |
| Place of publication, distribution, etc. | USA |
| Date of publication, distribution, etc. | 2004 |
| 942 ## - ADDED ENTRY ELEMENTS (KOHA) | |
| Source of classification or shelving scheme | Library of Congress Classification |
| Koha item type | Normal Collection |
| Suppress in OPAC | No |
| Withdrawn status | Lost status | Source of classification or shelving scheme | Damaged status | Not for loan | Home library | Current library | Date acquired | Inventory number | Total Checkouts | Full call number | Barcode | Date last seen | Price effective from | Koha item type |
|---|---|---|---|---|---|---|---|---|---|---|---|---|---|---|
| Library of Congress Classification | International Peace Support Training Centre (IPSTC) | International Peace Support Training Centre (IPSTC) | 16/04/2026 | 2459/2016 | HD1538 .S65 2000 | 200124592001 | 16/04/2026 | 16/04/2026 | Normal Collection |